000 00958nam a22002891 4500
001 142358
003 ES-MaACL
005 20251003185051.0
007 t|
008 071004s1971 sp ||||0| spa d
016 7 _zIND2000946891
040 _aM-BN
_bspa
_cCDM
080 _a616:159.9(023)
100 1 _aWinter, J. A.
_9117114
245 1 4 _aLos orígenes de la enfermedad y de la ansiedad
_b: guía práctica de medicina psicosomática /
_cprólogo de William S. Kroger ; traducción de Manuel Vázquez.
250 _a1ª ed.
260 _aBarcelona :
_bPlaza & Janés,
_c1971.
300 _a268 p. ;
_c20 cm.
490 1 _aBiblioteca Utilitaria
650 1 4 _aMedicina psicosomática-
_vObras de divulgación.
_914938
700 1 _aKroger, William S.
_968880
700 1 _aVázquez Tomás, Manuel
_9113375
830 0 _aBiblioteca Utilitaria
_9187241
852 _aES-MaACL
_jC-40122
_bR.78908
999 _c142358
_d142358